Подемно-транспортни машини и съоръжения (Запис номер 182793)
[ съкратено ]
| 000 -Лидер | |
|---|---|
| Контролно поле с фиксирана дължина | 01708nam a2200337 c 4500 |
| 003 - Код на организацията, давaща контролен номер | |
| Контролно поле | BLK |
| 005 - Дата и час на последна редакция | |
| Контролно поле | 20210319094318.0 |
| 008 - Елементи от данни с фиксирана дължина | |
| fixed length control field | 180411b bul|||||r ||||||| ||bul|| |
| 010 ## - Наследен системен номер | |
| LC control number | KNG00191718000 |
| 040 ## - Източник на каталожния запис | |
| Идентификатор на билиотеката - собственик на записа | BLK |
| 041 ## - Код за език | |
| Код за езика на текст/звукозапис или на отделно заглавие | Български |
| Код за езика КДБФ | Български |
| 080 ## - УДК | |
| Текстов определител УДК | Подемно-транспортно оборудване в цялост. Вж и 621.87; 625.08; 625.1/.5; 625.5; 629.1; 658.286.2 |
| УДК код - определител по УДК | 621.86 |
| УДК определител | (075.32) |
| УДК - код + определител | 621.86(075.32) |
| 100 1# - Редна дума - Автор | |
| Автор | Дивизиев, Владимир Йорданов |
| Авторска отговорност | първи автор |
| R(LIN) | 256587 |
| 139 ## - Редно поле | |
| Редна дума | Дивизиев, Владимир Й. и др. |
| Авторски знак | Ди - Д 53 |
| 245 10 - Сведения за заглавието | |
| Заглавие | Подемно-транспортни машини и съоръжения |
| Подзаглавни данни | Учебник за ІV курс на техникумите по механотехника |
| Редно поле (дума) | Владимир Йорданов Дивизиев; съавт. Васил Иванов Марков; съавт. Слави Стефанов Начев. |
| 257 ## - Страна на издаване | |
| Страна на създаване/издаване | България |
| 260 ## - Област на издателските данни | |
| -- | София |
| Име на издателя, разпространителя и проч. | Техника |
| Година на издаване | 1972 |
| Печатница | Враца : печ. В. Александров |
| 300 ## - Физическа характеристика | |
| Страници | 416 с. |
| Илюстрации и др. | с ил., сх. |
| Размери/Мащаб | 21 см |
| 380 ## - Жанр | |
| Жанр | Техника |
| 500 ## - Общи забележки | |
| Забележка | 1 560 тир. |
| 650 #4 - Допълнително описание по предмет – тема | |
| Основно описание – тема или топоним | Подемно-транспортни машини - учебници за средни училища |
| 9 (RLIN) | 321134 |
| 653 ## - Ключова дума – ненормативна | |
| Ключова дума | подемно-транспортни машини |
| 653 ## - Ключова дума – ненормативна | |
| Ключова дума | учебници за средни училища |
| 700 1# - Други автори (авторска отговорност) | |
| Лично име | Марков, Васил Иванов |
| Автороска отговорност (Описва отношението между автора и произведението) | съавт. |
| 9 (RLIN) | 368373 |
| 700 1# - Други автори (авторска отговорност) | |
| Лично име | Начев, Слави Стефанов |
| Автороска отговорност (Описва отношението между автора и произведението) | съавт. |
| 9 (RLIN) | 383979 |
| 852 ## - Местоположение | |
| Форматна сигнатура | Цб 63489 |
| 856 4# - Електронен адрес и достъп | |
| Електронен формат | pdf - файл |
| Път до файла /url/ | |
| 856 4# - Електронен адрес и достъп | |
| Електронен формат | pdf - файл |
| Път до файла /url/ | |
| 942 ## - АРТИКУЛИ | |
| Вид на библиотечния материал | Книги |
| Скрит в OPAC | Не |
| Koha issues (borrowed), all copies | 1 |
| 944 ## - СЪЗДАВАНЕ И РЕДАКЦИЯ на ЗАПИСА | |
| Създаване/Редакция | Създаване |
| Дата на регистрацията/редакция | 06.10.2016 |
| Служител, извършил регистрацията/редакцията | Правда_Бадева |
| 944 ## - СЪЗДАВАНЕ И РЕДАКЦИЯ на ЗАПИСА | |
| Създаване/Редакция | Редакция |
| Дата на регистрацията/редакция | 06.10.2016 |
| Служител, извършил регистрацията/редакцията | Правда_Бадева |
| 999 ## - СИСТЕМНИ КОНТРОЛНИ НОМЕРА | |
| Koha biblionumber | 182793 |
| Koha biblioitemnumber | 182793 |
| Код за отписване | Код за изгубен артикул | Източник на класификационната схема | Код за повреда | Коз за рестрикции | Код за отдаване | Артикулен № | Име на библиотеката - собственик | Име на библиотеката, в която се намира в момента | Статус (Текущо местоположение) | Дата на вписване в системата | Местоположение - отдел | Цена в лева | Инвентарен номер | Систематично азбучна сигнатура | Баркод | Номер на екземпляра | Цена в евро | Служебна бележка | Служебен тип на артикула |
|---|---|---|---|---|---|---|---|---|---|---|---|---|---|---|---|---|---|---|---|
| Не е изгубен | Universal Decimal Classification | Не е повреден | само за читалня | ползва се в читалня | 314446 | Регионална библиотека "Любен Каравелов" Русе | Регионална библиотека "Любен Каравелов" Русе | Хранилище | 1972-01-01 | Хранилище | 1.30 | 118272 | Цб 63489 | 120000118272 | 1 | 0.66 | N: стар фонд Дата: 01.01.1972 | Книги | |
| Изтеглен | Не е изгубен | Universal Decimal Classification | Не е повреден | без рестрикции | заемане за дома | 314447 | Регионална библиотека "Любен Каравелов" Русе | Регионална библиотека "Любен Каравелов" Русе | Заемна - подръчен фонд | 1972-01-01 | Заемна - подръчен фонд | 1.30 | 210768 | П 621.8/Д 53 | 210768 | 2 | 0.66 | N: стар фонд Дата: 01.01.1972 Дата инв: 06.02.2018 Бележки инв: П2018 | Книги |
| Изтеглен | Не е изгубен | Universal Decimal Classification | Не е повреден | без рестрикции | заемане за дома | 314448 | Регионална библиотека "Любен Каравелов" Русе | Регионална библиотека "Любен Каравелов" Русе | Заемна - подръчен фонд | 1972-01-01 | Заемна - подръчен фонд | 1.30 | 210770 | П 621.8/Д 53 | 210770 | 3 | 0.66 | N: стар фонд Дата: 01.01.1972 Дата инв: 16.02.2018 Бележки инв: П2018 | Книги |